Prírodné a syntetické látky sladkej chuti
Na minha lista:
| Autor principal: | |
|---|---|
| Outros Autores: | |
| Formato: | Livro |
| Idioma: | eslovaco |
| Publicado em: |
Bratislava
Veda
1985
|
| Edição: | 1. vyd. |
| Colecção: | Pokroky chemie
|
| Tags: |
Sem tags, seja o primeiro a adicionar uma tag!
|
MARC
| LEADER | 00000nam a2200000 4500 | ||
|---|---|---|---|
| 001 | c039549 | ||
| 005 | 20221220080054.0 | ||
| 041 | 0 | |a slo | |
| 044 | |a SK | ||
| 245 | 1 | 0 | |a Prírodné a syntetické látky sladkej chuti |c Alžbeta Krutošíková, Michal Uher |
| 250 | |a 1. vyd. | ||
| 264 | 1 | |a Bratislava |b Veda |c 1985 | |
| 300 | |a 154 s. | ||
| 490 | 1 | |a Pokroky chemie | |
| 830 | 0 | |a Pokroky chemie | |
| 100 | 1 | |a Krutošíková, Alžbeta | |
| 700 | 1 | |a Uher, Michal | |